000 00514nam a2200193zi 4500
999 _c25584
_d53582
005 20170528063222.0
020 _a978-9961-792-67-4
037 _aBC_1420 16
_fbroch
040 _aBC-ENSA
_bfre
041 _afre
110 _aOffice national des statistiques
245 _aRétrospective des comptes économiques -1963 à 2010-
260 _aAlger
_bONS
_c2011
300 _a165 p.
_bill.
_c29 cm
562 _e01 exemplaire
942 _c09
490 _a1687
653 _aMETHODE STATISTIQUE/COMPTABILITE